[Event "CAN-ch"]
[Site "Toronto CAN"]
[Date "2025.04.21"]
[Round "8.6"]
[White "Mendes, Aaron Reeve"]
[Black "Keleberda, Tymur"]
[Result "1-0"]
[WhiteElo "2334"]
[BlackElo "2325"]
[WhiteFideId "-1"]
[BlackFideId "-1"]
[PlyCount "143"]
[GameId "2170886165218690"]
[EventDate "2025.04.17"]
[EventType "swiss"]
[EventRounds "9"]
[EventCountry "CAN"]

1. e4 e6 2. d4 d5 3. Nd2 c5 4. Ngf3 cxd4 5. Nxd4 Nc6 6. Bb5 Bd7 7. Nxc6 bxc6 8. Bd3 Bd6 9. Qe2 Qc7 10. Nf3 dxe4 11. Bxe4 Nf6 12. Bd3 O-O 13. O-O c5 14. Bg5 Bc6 15. h3 c4 16. Bxc4 Bxf3 17. gxf3 Qc5 18. f4 h6 19. Bxf6 gxf6 20. Kh1 Qc6+ 21. f3 Bxf4 22. Rg1+ Kh8 23. Bd3 f5 24. Qf2 Kh7 25. Rg4 Bg5 26. Rag1 Rg8 27. R1g2 Rad8 28. R4g3 Kh8 29. h4 f4 30. Rg4 Bf6 31. Rxf4 Rxg2 32. Kxg2 Rg8+ 33. Kf1 e5 34. Rf5 Qe6 35. Qxa7 Rg3 36. Qa6 Qxa6 37. Bxa6 Kg7 38. h5 Bg5 39. Kf2 Rh3 40. Kg2 Rh4 41. Rxe5 Bf6 42. Re4 Rxh5 43. Rg4+ Kf8 44. b4 Be5 45. Bd3 Bd6 46. a4 Rh2+ 47. Kg1 Rd2 48. a5 h5 49. Rh4 Be7 50. Rxh5 Bxb4 51. Rb5 Bc3 52. a6 Bd4+ 53. Kh1 Kg7 54. Rd5 Be3 55. Re5 Bb6 56. Re7 Kf6 57. Rb7 Bd4 58. Rb5 Be3 59. f4 Bd4 60. Rf5+ Ke6 61. Rg5 Kd6 62. Ra5 Ba7 63. Rb5 Be3 64. Rf5 Bc5 65. Rxf7 Kd5 66. Rd7+ Bd6 67. f5 Ke5 68. Kg1 Bc5+ 69. Kf1 Kf4 70. Rd5 Be3 71. f6 Kf3 72. Be4+ 1-0

[Event "Titled Tuesday 2025.04.15 Early"]
[Site "chess.com INT"]
[Date "2025.04.15"]
[Round "1"]
[White "Keleberda, Tymur"]
[Black "Luong Phuong Hanh"]
[Result "1-0"]
[WhiteElo "2325"]
[BlackElo "2194"]
[WhiteFideId "-1"]
[BlackFideId "-1"]
[PlyCount "57"]
[GameId "2169191048350472"]
[EventDate "2025.04.15"]
[EventType "swiss (blitz)"]
[EventRounds "11"]
[EventCountry "NET"]
[SourceTitle "The Week in Chess 1589"]
[Source "Mark Crowther"]
[SourceDate "2025.04.21"]
[SourceVersion "1"]
[SourceVersionDate "2025.04.21"]
[SourceQuality "2"]

1. e4 c5 2. Ne2 e6 3. g3 d5 4. Bg2 Nf6 5. exd5 exd5 6. O-O Be7 7. d4 O-O 8. dxc5 h6 9. Be3 Na6 10. Nbc3 Be6 11. f4 Ng4 12. Bd4 Bxc5 13. Bxc5 Nxc5 14. Qd4 Rc8 15. f5 Nf6 16. fxe6 Nxe6 17. Qe5 Qb6+ 18. Kh1 d4 19. Nd5 Nxd5 20. Bxd5 Rfe8 21. Qf5 Rc7 22. Nf4 Nxf4 23. Qxf4 Ree7 24. Rae1 Rxe1 25. Bxf7+ Kh8 26. Rxe1 Qc6+ 27. Kg1 Qxc2 28. Re8+ Kh7 29. Bg8+ 1-0

[Event "Titled Tuesday 2025.04.15 Early"]
[Site "chess.com INT"]
[Date "2025.04.15"]
[Round "2"]
[White "Bressy, Theo"]
[Black "Keleberda, Tymur"]
[Result "1-0"]
[WhiteElo "2206"]
[BlackElo "2325"]
[WhiteFideId "-1"]
[BlackFideId "-1"]
[PlyCount "137"]
[GameId "2169191048535210"]
[EventDate "2025.04.15"]
[EventType "swiss (blitz)"]
[EventRounds "11"]
[EventCountry "NET"]
[SourceTitle "The Week in Chess 1589"]
[Source "Mark Crowther"]
[SourceDate "2025.04.21"]
[SourceVersion "1"]
[SourceVersionDate "2025.04.21"]
[SourceQuality "2"]

1. e4 a6 2. Nc3 e6 3. g3 d5 4. exd5 exd5 5. Bg2 d4 6. Nce2 Nf6 7. d3 Be7 8. Nf3 c5 9. O-O Nc6 10. Bf4 O-O 11. Re1 Nd5 12. Bd2 b5 13. Nf4 Nxf4 14. Bxf4 Bb7 15. Ne5 Rc8 16. Qg4 f5 17. Qh5 Bd6 18. Nxc6 Bxc6 19. Re6 Bxf4 20. Bxc6 Bb8 21. Rae1 Qc7 22. Bd5 Kh8 23. Re8 Qd7 24. Rxc8 Qxc8 25. Be6 Qe8 26. Qxe8 Rxe8 27. Kf1 g6 28. Bd5 Rd8 29. Bb7 a5 30. Re6 Bd6 31. Bc6 b4 32. b3 Kg7 33. Bd5 Bf8 34. Bc4 Bd6 35. f4 h6 36. Kf2 g5 37. Kf3 gxf4 38. gxf4 h5 39. h3 h4 40. Re2 Kf6 41. Re6+ Kg7 42. Re2 Bf8 43. Re6 Ra8 44. Re5 Kf6 45. Re6+ Kg7 46. Re5 a4 47. Rxf5 axb3 48. Bxb3 Kg6 49. Kg4 Be7 50. Re5 Bf6 51. f5+ Kg7 52. Rxc5 Re8 53. Rc7+ Kh6 54. Rf7 Bg7 55. f6 Bh8 56. Re7 Rf8 57. f7 Bf6 58. Re8 Kg7 59. Rxf8 Kxf8 60. Kf5 Bg7 61. Kg5 Be5 62. Kxh4 Kg7 63. Kg4 Bd6 64. h4 Bf8 65. h5 Kf6 66. Bc4 Ke5 67. Kg5 Be7+ 68. Kg6 Bf8 69. h6 1-0

[Event "Titled Tuesday 2025.04.15 Early"]
[Site "chess.com INT"]
[Date "2025.04.15"]
[Round "3"]
[White "Keleberda, Tymur"]
[Black "Gurevich, D."]
[Result "1-0"]
[WhiteElo "2325"]
[BlackElo "2347"]
[WhiteFideId "-1"]
[BlackFideId "-1"]
[PlyCount "79"]
[GameId "2169191048592695"]
[EventDate "2025.04.15"]
[EventType "swiss (blitz)"]
[EventRounds "11"]
[EventCountry "NET"]
[SourceTitle "The Week in Chess 1589"]
[Source "Mark Crowther"]
[SourceDate "2025.04.21"]
[SourceVersion "1"]
[SourceVersionDate "2025.04.21"]
[SourceQuality "2"]

1. Nf3 Nf6 2. c4 e6 3. b3 d5 4. Bb2 Be7 5. e3 c5 6. Be2 Nc6 7. cxd5 exd5 8. d4 cxd4 9. Nxd4 Bb4+ 10. Kf1 O-O 11. Nd2 Qe7 12. N2f3 Ne4 13. h4 Nc3 14. Bxc3 Bxc3 15. Rc1 Nxd4 16. Nxd4 Bb4 17. Bf3 Be6 18. g3 Rac8 19. Kg2 Rxc1 20. Qxc1 Rc8 21. Qd1 Qf6 22. Qd3 Bc3 23. Ne2 Be5 24. Bxd5 Rd8 25. e4 Bxd5 26. exd5 g6 27. Rd1 h5 28. Qf3 Qa6 29. Rd2 Qa5 30. Qe3 Bd6 31. a4 Bb4 32. Rd4 Rxd5 33. Nf4 Rxd4 34. Qxd4 Be7 35. Nd5 Bd8 36. Qe5 Kh7 37. Qd6 Kg7 38. Qe5+ Kg8 39. Qe8+ Kg7 40. Qd7 1-0

[Event "Titled Tuesday 2025.04.15 Early"]
[Site "chess.com INT"]
[Date "2025.04.15"]
[Round "4"]
[White "Jaskolka, T."]
[Black "Keleberda, Tymur"]
[Result "0-1"]
[WhiteElo "2200"]
[BlackElo "2325"]
[WhiteFideId "-1"]
[BlackFideId "-1"]
[PlyCount "181"]
[GameId "2169191048711784"]
[EventDate "2025.04.15"]
[EventType "swiss (blitz)"]
[EventRounds "11"]
[EventCountry "NET"]
[SourceTitle "The Week in Chess 1589"]
[Source "Mark Crowther"]
[SourceDate "2025.04.21"]
[SourceVersion "1"]
[SourceVersionDate "2025.04.21"]
[SourceQuality "2"]

1. d4 Nf6 2. Bf4 d5 3. e3 e6 4. c3 Bd6 5. Nf3 Bxf4 6. exf4 c5 7. Nbd2 O-O 8. Bd3 b6 9. O-O Ba6 10. Bxa6 Nxa6 11. Qe2 Nc7 12. Rfe1 Nce8 13. Ne5 Nd6 14. Rad1 Qc7 15. Ndf3 a5 16. g3 Rfc8 17. a3 a4 18. Kg2 Ra5 19. h4 Nfe4 20. Ng5 h6 21. Nxe4 Nxe4 22. f3 Nd6 23. g4 Re8 24. Qd3 Rb5 25. Re2 Rb3 26. g5 h5 27. Qc2 Nf5 28. Kh3 cxd4 29. g6 fxg6 30. Rg1 dxc3 31. Rxg6 Rxb2 32. Qd3 Rxe2 33. Qxe2 c2 34. Nd3 c1=Q 35. Nxc1 Qxc1 36. Kh2 Qxf4+ 37. Kh1 Ng3+ 38. Rxg3 Qxg3 39. f4 Qxh4+ 40. Kg2 Qg4+ 41. Qxg4 hxg4 42. Kg3 Rf8 43. f5 Rxf5 44. Kh4 d4 45. Kg3 Kf8 46. Kh4 Ke7 47. Kg3 Kd6 48. Kh4 Kc5 49. Kg3 Kc4 50. Kh4 Kb3 51. Kg3 Kxa3 52. Kh4 Kb4 53. Kg3 Kc5 54. Kh4 Kd6 55. Kg3 Kd5 56. Kh4 a3 57. Kg3 a2 58. Kh4 a1=R 59. Kg3 Ra8 60. Kh4 b5 61. Kg3 b4 62. Kh4 b3 63. Kg3 b2 64. Kh4 b1=N 65. Kg3 Na3 66. Kh4 Nb5 67. Kg3 Nd6 68. Kh4 Nb7 69. Kg3 d3 70. Kh4 d2 71. Kg3 Ra4 72. Kh4 d1=N 73. Kg3 Ne3 74. Kh4 Ke5 75. Kg3 Kf6 76. Kh4 Kg6 77. Kg3 Kg5 78. Kh2 Rf3 79. Kg1 Ra2 80. Kh1 Nd5 81. Kg1 Rh3 82. Kf1 Rg3 83. Ke1 Rf3 84. Kd1 Re3 85. Kc1 Rd3 86. Kb1 Rad2 87. Kc1 e5 88. Kb1 e4 89. Kc1 e3 90. Kb1 e2 91. Kc1 0-1

[Event "Titled Tuesday 2025.04.15 Early"]
[Site "chess.com INT"]
[Date "2025.04.15"]
[Round "5"]
[White "Enkhrii Enkh-Amgalan"]
[Black "Keleberda, Tymur"]
[Result "0-1"]
[WhiteElo "2142"]
[BlackElo "2325"]
[WhiteFideId "-1"]
[BlackFideId "-1"]
[PlyCount "76"]
[GameId "2169191048752848"]
[EventDate "2025.04.15"]
[EventType "swiss (blitz)"]
[EventRounds "11"]
[EventCountry "NET"]
[SourceTitle "The Week in Chess 1589"]
[Source "Mark Crowther"]
[SourceDate "2025.04.21"]
[SourceVersion "1"]
[SourceVersionDate "2025.04.21"]
[SourceQuality "2"]

1. d4 a6 2. e4 e6 3. Nf3 d5 4. Nc3 Nf6 5. e5 Nfd7 6. Ne2 c5 7. c3 Nc6 8. dxc5 Bxc5 9. b4 Ba7 10. Bf4 Bb8 11. Ned4 Ncxe5 12. Bg3 Nxf3+ 13. Qxf3 Qf6 14. Bxb8 Qxf3 15. Nxf3 Rxb8 16. Bd3 Ke7 17. Kd2 Nf6 18. Rhe1 Bd7 19. Ne5 Rhc8 20. f3 Be8 21. g4 h6 22. h4 Nd7 23. f4 Kd6 24. Nf3 Rc7 25. a4 Rbc8 26. Ra3 Nb6 27. a5 Nc4+ 28. Bxc4 Rxc4 29. Nd4 Bd7 30. Re3 f6 31. Ra1 e5 32. fxe5+ fxe5 33. Nf3 Rxg4 34. Nxe5 Rg2+ 35. Kd1 Rg1+ 36. Kd2 Rxa1 37. Nf7+ Kc7 38. Re7 Re8 0-1

[Event "Titled Tuesday 2025.04.15 Early"]
[Site "chess.com INT"]
[Date "2025.04.15"]
[Round "6"]
[White "Keleberda, Tymur"]
[Black "Xiao, Tong(QD)"]
[Result "0-1"]
[WhiteElo "2325"]
[BlackElo "2496"]
[WhiteFideId "-1"]
[BlackFideId "-1"]
[PlyCount "31"]
[GameId "2169191048826758"]
[EventDate "2025.04.15"]
[EventType "swiss (blitz)"]
[EventRounds "11"]
[EventCountry "NET"]
[SourceTitle "The Week in Chess 1589"]
[Source "Mark Crowther"]
[SourceDate "2025.04.21"]
[SourceVersion "1"]
[SourceVersionDate "2025.04.21"]
[SourceQuality "2"]

1. e4 c5 2. Nf3 Nc6 3. Bb5 e5 4. O-O Bd6 5. Re1 Nge7 6. Nc3 a6 7. Bf1 O-O 8. Nd5 Re8 9. Ne3 Bc7 10. c3 d5 11. exd5 Nxd5 12. d4 e4 13. Nxd5 Qxd5 14. g3 Bg4 15. c4 Qh5 16. d5 0-1

[Event "Titled Tuesday 2025.04.15 Early"]
[Site "chess.com INT"]
[Date "2025.04.15"]
[Round "7"]
[White "Keleberda, Tymur"]
[Black "Ollier, P."]
[Result "0-1"]
[WhiteElo "2325"]
[BlackElo "2280"]
[WhiteFideId "-1"]
[BlackFideId "-1"]
[PlyCount "102"]
[GameId "2169191048921214"]
[EventDate "2025.04.15"]
[EventType "swiss (blitz)"]
[EventRounds "11"]
[EventCountry "NET"]
[SourceTitle "The Week in Chess 1589"]
[Source "Mark Crowther"]
[SourceDate "2025.04.21"]
[SourceVersion "1"]
[SourceVersionDate "2025.04.21"]
[SourceQuality "2"]

1. Nf3 Nf6 2. c4 e6 3. Nc3 Bb4 4. Qc2 c5 5. a3 Ba5 6. Rb1 Nc6 7. d3 O-O 8. Bd2 d6 9. e3 e5 10. Be2 h6 11. O-O Bf5 12. e4 Bg4 13. Be3 Bxf3 14. Bxf3 Qd7 15. Nd5 Nxd5 16. cxd5 Nd4 17. Bxd4 cxd4 18. Qe2 g6 19. Rfc1 h5 20. g3 Bd8 21. h4 Bf6 22. Rc4 Rac8 23. Rbc1 Rxc4 24. Rxc4 Rc8 25. Qc2 Rxc4 26. Qxc4 Kg7 27. Kg2 Bd8 28. Bd1 Qc7 29. Qa4 a6 30. g4 hxg4 31. Bxg4 Bxh4 32. Qd1 Qb6 33. b4 Qc7 34. Qf3 Qc3 35. Bd7 Qxa3 36. Be8 Bf6 37. Qh3 Qc1 38. Qd7 Qg5+ 39. Kf1 Qc1+ 40. Kg2 Qg5+ 41. Kh1 Qh4+ 42. Kg1 Qg5+ 43. Kh2 Be7 44. Qxb7 Qf4+ 45. Kg2 Qg4+ 46. Kf1 Qd1+ 47. Kg2 Qg4+ 48. Kh1 Qf3+ 49. Kg1 Bh4 50. Qd7 Bxf2+ 51. Kh2 Qg3+ 0-1

[Event "Titled Tuesday 2025.04.15 Late"]
[Site "chess.com INT"]
[Date "2025.04.15"]
[Round "1"]
[White "Keleberda, Tymur"]
[Black "Forgacs, Attila Jr."]
[Result "1-0"]
[WhiteElo "2325"]
[BlackElo "2272"]
[WhiteFideId "-1"]
[BlackFideId "-1"]
[PlyCount "125"]
[GameId "2169191049290727"]
[EventDate "2025.04.15"]
[EventType "swiss (blitz)"]
[EventRounds "11"]
[EventCountry "NET"]
[SourceTitle "The Week in Chess 1589"]
[Source "Mark Crowther"]
[SourceDate "2025.04.21"]
[SourceVersion "1"]
[SourceVersionDate "2025.04.21"]
[SourceQuality "2"]

1. e4 c5 2. Ne2 Nf6 3. Nbc3 d5 4. exd5 Nxd5 5. g3 e6 6. Bg2 Be7 7. Nxd5 exd5 8. d4 Be6 9. dxc5 Bxc5 10. O-O O-O 11. c3 Nc6 12. Nf4 d4 13. Nxe6 fxe6 14. Qb3 Qe7 15. Bf4 d3 16. Rad1 Rad8 17. Qc4 d2 18. Rxd2 Rxd2 19. Bxd2 Ne5 20. Qe4 Qf6 21. Be3 Bxe3 22. fxe3 Qg5 23. Rxf8+ Kxf8 24. Qf4+ Qxf4 25. exf4 Nc4 26. b3 Nd6 27. Kf2 b6 28. g4 Ke7 29. Ke3 Nb5 30. c4 Nc3 31. a3 Nd1+ 32. Ke2 Nc3+ 33. Kd3 Nd1 34. Ke2 Nc3+ 35. Kd2 Nb1+ 36. Kc2 Nxa3+ 37. Kb2 Nxc4+ 38. bxc4 Kd6 39. Kc3 Kc5 40. Be4 h6 41. h4 a5 42. Bc2 b5 43. cxb5 Kxb5 44. Kd4 a4 45. Bb1 Kb4 46. Ba2 Ka3 47. Bxe6 Kb2 48. Ke5 Kc3 49. f5 a3 50. g5 hxg5 51. hxg5 Kd3 52. f6 g6 53. f7 a2 54. Bxa2 Ke2 55. f8=Q Ke1 56. Bf7 Kf2 57. Qa3 Kg2 58. Kf4 Kh2 59. Kf3 Kg1 60. Qc1+ Kh2 61. Qd2+ Kh3 62. Qg2+ Kh4 63. Qg4# 1-0

[Event "Titled Tuesday 2025.04.15 Late"]
[Site "chess.com INT"]
[Date "2025.04.15"]
[Round "2"]
[White "Bustelo, T."]
[Black "Keleberda, Tymur"]
[Result "0-1"]
[WhiteElo "2046"]
[BlackElo "2325"]
[WhiteFideId "-1"]
[BlackFideId "-1"]
[PlyCount "68"]
[GameId "2169191049315364"]
[EventDate "2025.04.15"]
[EventType "swiss (blitz)"]
[EventRounds "11"]
[EventCountry "NET"]
[SourceTitle "The Week in Chess 1589"]
[Source "Mark Crowther"]
[SourceDate "2025.04.21"]
[SourceVersion "1"]
[SourceVersionDate "2025.04.21"]
[SourceQuality "2"]

1. e4 a6 2. Nc3 e6 3. g3 d5 4. exd5 exd5 5. d4 Nf6 6. Bg2 Be7 7. Bg5 c6 8. Nge2 O-O 9. O-O Re8 10. Qd2 Nbd7 11. Rae1 Nf8 12. Nd1 Qb6 13. c3 Ne4 14. Bxe4 Bxg5 15. Qxg5 Rxe4 16. Qd2 Bh3 17. Ne3 Bxf1 18. Rxf1 Rae8 19. Nf4 Ng6 20. Nd3 Qd8 21. Nc5 R4e7 22. Nf5 Rc7 23. h4 Qc8 24. Ne3 b6 25. Nd3 h5 26. Ng2 Rce7 27. Ngf4 Nxf4 28. Nxf4 Qg4 29. Qd3 b5 30. Kg2 Re1 31. Rxe1 Rxe1 32. f3 Qd7 33. Kf2 Qe7 34. Nxh5 Rh1 0-1

[Event "Titled Tuesday 2025.04.15 Late"]
[Site "chess.com INT"]
[Date "2025.04.15"]
[Round "3"]
[White "Keleberda, Tymur"]
[Black "Christiansen, Johan-Sebastian"]
[Result "1/2-1/2"]
[WhiteElo "2325"]
[BlackElo "2658"]
[WhiteFideId "-1"]
[BlackFideId "-1"]
[PlyCount "86"]
[GameId "2169191049389273"]
[EventDate "2025.04.15"]
[EventType "swiss (blitz)"]
[EventRounds "11"]
[EventCountry "NET"]
[SourceTitle "The Week in Chess 1589"]
[Source "Mark Crowther"]
[SourceDate "2025.04.21"]
[SourceVersion "1"]
[SourceVersionDate "2025.04.21"]
[SourceQuality "2"]

1. e4 e5 2. Nf3 Nc6 3. Bc4 Nf6 4. d4 exd4 5. e5 d5 6. Bb5 Nd7 7. O-O Be7 8. Bxc6 bxc6 9. Nxd4 Nb8 10. Nc3 O-O 11. Qf3 Qd7 12. h3 a5 13. Rd1 Ra6 14. Qg3 c5 15. e6 fxe6 16. Nf3 Nc6 17. Bf4 Bd6 18. Bxd6 cxd6 19. Nb5 Ne7 20. a4 e5 21. Ng5 Bb7 22. Ra3 h6 23. Nf3 Nf5 24. Qg4 Bc6 25. Nh4 Nd4 26. Qh5 Bxb5 27. axb5 Qxb5 28. Rxd4 cxd4 29. Rg3 Qe8 30. Qxh6 Qf7 31. Nf5 Ra7 32. Rxg7+ Qxg7 33. Nxg7 Rxg7 34. Qxd6 Re8 35. Qxd5+ Rf7 36. Qxa5 e4 37. Qg5+ Kh7 38. Qh5+ Kg7 39. Qg5+ Kh7 40. Qh4+ Kg7 41. Qg3+ Kh7 42. Qh4+ Kg7 43. Qg5+ Kh7 1/2-1/2

[Event "Titled Tuesday 2025.04.15 Late"]
[Site "chess.com INT"]
[Date "2025.04.15"]
[Round "4"]
[White "Keleberda, Tymur"]
[Black "Vogel, Roven"]
[Result "0-1"]
[WhiteElo "2325"]
[BlackElo "2557"]
[WhiteFideId "-1"]
[BlackFideId "-1"]
[PlyCount "97"]
[GameId "2169191049438533"]
[EventDate "2025.04.15"]
[EventType "swiss (blitz)"]
[EventRounds "11"]
[EventCountry "NET"]
[SourceTitle "The Week in Chess 1589"]
[Source "Mark Crowther"]
[SourceDate "2025.04.21"]
[SourceVersion "1"]
[SourceVersionDate "2025.04.21"]
[SourceQuality "2"]

1. e4 c6 2. d3 d5 3. Nf3 e6 4. Nc3 d4 5. Ne2 c5 6. g3 Nc6 7. Bg2 Bd6 8. O-O e5 9. Nd2 Be6 10. f4 f6 11. Nc4 Bc7 12. fxe5 fxe5 13. a4 Qd7 14. c3 Bxc4 15. dxc4 d3 16. Nf4 exf4 17. Bxf4 O-O-O 18. Qh5 Nf6 19. Qxc5 Bb6 20. Qxb6 axb6 21. c5 bxc5 22. a5 Rhe8 23. a6 bxa6 24. Rxa6 Kb7 25. Ra3 c4 26. e5 Nd5 27. Ra4 Nb6 28. Rb4 d2 29. Be3 Qc7 30. Bxb6 Qxb6+ 31. Rxb6+ Kxb6 32. Rd1 Rxe5 33. Kf2 Na5 34. Bf1 Rf8+ 35. Kg2 Re1 36. Rxd2 Rexf1 37. Rd6+ Nc6 38. Rd7 R1f2+ 39. Kh3 R8f7 40. Rd5 Rxb2 41. Rh5 h6 42. Rh4 Rff2 43. Rxc4 Rxh2+ 44. Kg4 Ne5+ 45. Kf5 Nxc4 46. g4 Rhg2 47. Kg6 Rxg4+ 48. Kh5 Rg5+ 49. Kh4 0-1

[Event "Gatineau op"]
[Site "Gatineau CAN"]
[Date "2025.04.11"]
[Round "1.6"]
[White "Keleberda, Tymur"]
[Black "Berube, Maximilien"]
[Result "0-1"]
[WhiteElo "2388"]
[BlackElo "2035"]
[WhiteFideId "-1"]
[BlackFideId "-1"]
[PlyCount "68"]
[GameId "528865470047"]
[EventDate "2025.04.11"]
[EventType "swiss"]
[EventRounds "5"]
[EventCountry "CAN"]

1. e4 e5 2. Nf3 Nc6 3. Bc4 Nf6 4. d4 exd4 5. e5 d5 6. Bb5 Ne4 7. Nxd4 Bd7 8. Bxc6 bxc6 9. O-O Bc5 10. f3 Ng5 11. Be3 O-O 12. f4 f6 13. exf6 Nh3+ 14. Kh1 Qxf6 15. gxh3 Rae8 16. Bg1 Bxh3 17. Ne2 Bxf1 18. Qxf1 Bxg1 19. Nxg1 Qxb2 20. Nd2 Qxc2 21. Qf2 c5 22. Rf1 d4 23. Qg2 Qxa2 24. f5 Kh8 25. Rf2 Qa6 26. Qd5 Qd6 27. Qf3 c6 28. Qg2 Qd5 29. Qxd5 cxd5 30. Nb3 Rc8 31. Nf3 Rxf5 32. Ra2 Rf7 33. Ra5 Rfc7 34. Nc1 Rb8 0-1

[Event "Gatineau op"]
[Site "Gatineau CAN"]
[Date "2025.04.12"]
[Round "2.15"]
[White "Ramesan, Raunak Amit"]
[Black "Keleberda, Tymur"]
[Result "0-1"]
[WhiteElo "2004"]
[BlackElo "2388"]
[WhiteFideId "-1"]
[BlackFideId "-1"]
[PlyCount "36"]
[GameId "2168052366266212"]
[EventDate "2025.04.11"]
[EventType "swiss"]
[EventRounds "5"]
[EventCountry "CAN"]

1. e4 a6 2. d4 e6 3. Nf3 d6 4. e5 c5 5. c3 Nc6 6. Be2 cxd4 7. cxd4 Nge7 8. Na3 Nf5 9. Nc2 Be7 10. Ne3 Qb6 11. Nxf5 exf5 12. O-O h6 13. h4 Qd8 14. g3 g5 15. hxg5 hxg5 16. Be3 f4 17. gxf4 Qd7 18. Nxg5 Bxg5 0-1

[Event "Gatineau op"]
[Site "Gatineau CAN"]
[Date "2025.04.12"]
[Round "3.10"]
[White "Keleberda, Tymur"]
[Black "St-Germain, Jack"]
[Result "1-0"]
[WhiteElo "2388"]
[BlackElo "2128"]
[WhiteFideId "-1"]
[BlackFideId "-1"]
[PlyCount "41"]
[GameId "2169905209845398"]
[EventDate "2025.04.11"]
[EventType "swiss"]
[EventRounds "5"]
[EventCountry "CAN"]

1. e4 c5 2. Nf3 d6 3. c3 Nf6 4. h3 Nc6 5. Bd3 e5 6. Bc2 Be7 7. O-O g5 8. d4 cxd4 9. Bxg5 Rg8 10. Kh1 Nh5 11. Bc1 dxc3 12. Nxc3 Nf6 13. Be3 Be6 14. Ng5 d5 15. Nxe6 fxe6 16. exd5 exd5 17. Bb3 d4 18. Bxg8 dxe3 19. Qb3 exf2 20. Qf7+ Kd7 21. Rad1+ 1-0

[Event "Gatineau op"]
[Site "Gatineau CAN"]
[Date "2025.04.13"]
[Round "4.7"]
[White "Lane, Ryan"]
[Black "Keleberda, Tymur"]
[Result "0-1"]
[WhiteElo "2076"]
[BlackElo "2388"]
[WhiteFideId "-1"]
[BlackFideId "-1"]
[PlyCount "96"]
[GameId "2169905210070714"]
[EventDate "2025.04.11"]
[EventType "swiss"]
[EventRounds "5"]
[EventCountry "CAN"]

1. e4 a6 2. d4 e6 3. Nc3 d5 4. Bd3 c5 5. dxc5 Bxc5 6. exd5 exd5 7. Nxd5 Bxf2+ 8. Kxf2 Qxd5 9. Qf3 Qa5 10. Nh3 Nf6 11. Re1+ Be6 12. b4 Qxb4 13. Ba3 Qd4+ 14. Kf1 Nc6 15. Rad1 O-O-O 16. Bxa6 Qa4 17. Be2 Bg4 18. Rxd8+ Rxd8 19. Qb3 Bxe2+ 20. Rxe2 Qa6 21. Nf4 Nd4 22. Qd3 Qxd3 23. Nxd3 Nxe2 24. Kxe2 Nd5 25. Bb2 f6 26. g3 Nb6 27. Bc3 Re8+ 28. Kf3 Re6 29. Bd4 Nc4 30. h4 Nd2+ 31. Kf2 Rc6 32. Ke3 Nf1+ 33. Kf2 Rxc2+ 34. Kxf1 Rd2 35. Bxf6 gxf6 36. Nb4 Kd7 37. Ke1 Rb2 38. Nd5 Ke6 39. Nc3 Rc2 40. Ne4 Rxa2 41. Nc5+ Kd5 42. Nd7 Ra6 43. g4 Kd4 44. Nf8 h6 45. Ng6 Ke4 46. Ne7 Kf4 47. Nd5+ Kg3 48. Ke2 Kxg4 0-1

[Event "Gatineau op"]
[Site "Gatineau CAN"]
[Date "2025.04.13"]
[Round "5.4"]
[White "Keleberda, Tymur"]
[Black "Gavrilin, Roman"]
[Result "1-0"]
[WhiteElo "2388"]
[BlackElo "2341"]
[WhiteFideId "-1"]
[BlackFideId "-1"]
[PlyCount "83"]
[GameId "2169905210087115"]
[EventDate "2025.04.11"]
[EventType "swiss"]
[EventRounds "5"]
[EventCountry "CAN"]

1. e4 c5 2. Nf3 d6 3. c3 Nf6 4. h3 Nc6 5. Bd3 d5 6. e5 Nd7 7. Bb5 e6 8. O-O a6 9. Bxc6 bxc6 10. d3 Be7 11. Qa4 Qc7 12. Re1 c4 13. dxc4 Nc5 14. Qc2 a5 15. Be3 Ba6 16. Nbd2 Nd7 17. cxd5 cxd5 18. h4 h6 19. Qa4 O-O 20. Qg4 Kh7 21. Rac1 Nc5 22. Bxc5 Bxc5 23. Nb3 Be7 24. Re3 Rfb8 25. Rc2 a4 26. Nbd4 Qc4 27. b3 axb3 28. axb3 Qc7 29. b4 Bc4 30. Kh2 Ra2 31. Rxa2 Bxa2 32. h5 Ra8 33. Nd2 Bc4 34. f4 Ra2 35. Rg3 Bf8 36. N2f3 Qd7 37. f5 exf5 38. Nxf5 Qe6 39. Qf4 Bd3 40. N3d4 Qa6 41. b5 Bxb5 42. Nd6 1-0

[Event "Titled Tuesday 2025.02.04 Late"]
[Site "Chess.com INT"]
[Date "2025.02.04"]
[Round "1"]
[White "Keleberda, Tymur"]
[Black "Rubio Tent, Francisco"]
[Result "1-0"]
[WhiteElo "2307"]
[BlackElo "2301"]
[WhiteFideId "-1"]
[BlackFideId "-1"]
[PlyCount "83"]
[GameId "2143899100770082"]
[EventDate "2025.02.04"]
[EventType "swiss (blitz)"]
[EventRounds "11"]
[EventCountry "NET"]
[SourceTitle "Mega2025 Update 15"]
[Source "Chessbase"]
[SourceDate "2025.02.14"]
[SourceVersion "1"]
[SourceVersionDate "2025.02.14"]
[SourceQuality "1"]

1. Nf3 d5 2. d3 g6 3. g3 Bg7 4. Bg2 e5 5. e4 dxe4 6. dxe4 Qxd1+ 7. Kxd1 h6 8. Nc3 c6 9. a4 a5 10. Be3 Be6 11. Ne1 Nd7 12. Nd3 h5 13. Ke2 h4 14. h3 Bh6 15. Bxh6 Nxh6 16. g4 f6 17. b3 Nf7 18. f4 Nd6 19. Rad1 Ke7 20. Rhf1 g5 21. fxg5 fxg5 22. Rf2 Rhf8 23. Rdf1 Rxf2+ 24. Rxf2 Rf8 25. Nd1 Rxf2+ 26. Kxf2 b5 27. axb5 cxb5 28. Nc3 Bg8 29. Ke3 Kf6 30. Bf1 Nb6 31. Nc5 a4 32. bxa4 bxa4 33. N3xa4 Nbc4+ 34. Kf2 Na3 35. Bd3 Bc4 36. Nd7+ Ke6 37. Nac5+ Ke7 38. Nxe5 Bg8 39. Nf3 Nb1 40. Nxg5 Nc3 41. Nf3 Bh7 42. Ke3 1-0

[Event "Titled Tuesday 2025.02.04 Late"]
[Site "Chess.com INT"]
[Date "2025.02.04"]
[Round "2"]
[White "Theodorou, Nikolas"]
[Black "Keleberda, Tymur"]
[Result "1-0"]
[WhiteElo "2611"]
[BlackElo "2307"]
[WhiteFideId "-1"]
[BlackFideId "-1"]
[PlyCount "151"]
[GameId "2143899100913815"]
[EventDate "2025.02.04"]
[EventType "swiss (blitz)"]
[EventRounds "11"]
[EventCountry "NET"]
[SourceTitle "Mega2025 Update 15"]
[Source "Chessbase"]
[SourceDate "2025.02.14"]
[SourceVersion "1"]
[SourceVersionDate "2025.02.14"]
[SourceQuality "1"]

1. Nf3 a6 2. b3 e6 3. Bb2 Nf6 4. g3 Be7 5. Bg2 d5 6. O-O O-O 7. d3 b5 8. e4 Bb7 9. Nbd2 c5 10. Re1 Nc6 11. Qe2 b4 12. h4 a5 13. a4 bxa3 14. Bxa3 Nb4 15. Rec1 dxe4 16. dxe4 a4 17. Bxb4 cxb4 18. Rxa4 Rxa4 19. bxa4 Bc6 20. Ra1 Qa8 21. Nd4 Bb7 22. a5 Qa7 23. N2b3 Ba6 24. Nc6 Bxe2 25. Nxa7 Bd6 26. a6 Bc7 27. Nc6 Bb6 28. a7 Ra8 29. e5 Nd5 30. Bxd5 exd5 31. Ne7+ Kf8 32. Nxd5 Bd8 33. Nxb4 Bf3 34. Nd4 Bb7 35. Nb5 Bb6 36. c4 Bf3 37. Nd5 Bc5 38. Ndc7 Rc8 39. a8=Q Bxa8 40. Rxa8 Rxa8 41. Nxa8 Ke7 42. Nac7 Kd7 43. Kg2 Kc6 44. Ne8 g6 45. Nf6 h5 46. Ne4 Be7 47. f4 Bd8 48. Kf3 Kd7 49. Nd4 Bb6 50. c5 Bd8 51. c6+ Kc7 52. Nb5+ Kb6 53. Nbd6 Kxc6 54. Nxf7 Be7 55. Nh8 g5 56. hxg5 Kd5 57. Ng6 Bd8 58. Nh4 Ke6 59. Nf6 Ba5 60. Ke4 Bd8 61. Nxh5 Kf7 62. Kf5 Ba5 63. Nf3 Bb4 64. g6+ Kg8 65. g4 Be7 66. e6 Kh8 67. Ke4 Bf6 68. f5 Be7 69. Kd5 Bf8 70. Kc6 Bh6 71. Kd7 Bf8 72. Ke8 Ba3 73. Kf7 Bb2 74. e7 Bg7 75. e8=R+ Bf8 76. Rxf8# 1-0